| 000 | 00523nam a22001697a 4500 | ||
|---|---|---|---|
| 005 | 20251108164804.0 | ||
| 008 | 250721s1964 xx 000 0 ara d | ||
| 082 | 1 | 4 | _a810.4/غال |
| 100 | 1 | _aشكري، غالي | |
| 245 | 1 | 0 | _aكلمات من الجزيرة المهجورة / |
| 264 | 1 |
_aبيروت : _bالمطبعة العصرية للطباعة و النشر، _c1964. |
|
| 300 | _a389ص | ||
| 650 | 1 | 7 | _aالأدب العربي |
| 650 | 1 | 7 | _aالمقالات الأدبية |
| 942 |
_2ddc _cBK |
||
| 999 |
_c14376 _d14376 |
||